000 00698nam a2200217 a 4500
005 20210223130637.0
008 080925s2000 mx r 000 0 spa d
035 _aUPN01000160921
049 _aUNE
080 _a374.1: 338 =20 ARI No.69.
100 1 _aAriyadasa, K.D.
245 1 0 _aReflections on Non- Formal education in the context of basic services approach /
_cK.D. Ariyadasa.
260 _aParís :
_bUNESCO :
_bunicef,
_-1981.
300 _a9 p.
440 0 _aNotes, comments ... ;
_v69
690 _aEducación no formal - Medios de comunicación
690 _aZonas rurales - Educación no formal - Evaluación
710 2 _aUNICEF
_924085
710 2 _aUNESCO
905 _aUNESCO
999 _c133034
_d133034